Belgium Footballers 100 or International Caps - Sudden Death - Statistics

General Stats
  • This quiz has been taken 103 times
  • The average score is 2 of 6
Answers on the Grid
Answers color-coded by a green-red scale on the quiz's grid according to % correct below.
Axel Witsel
Bart Goor
Christian Benteke
Daniel Van Buyten
Dries Mertens
Eden Hazard
Enzo Scifo
Eric Gerets
Franky Van der Elst
Georges Grün
Jan Ceulemans
Jan Vertonghen
Kevin De Bruyne
Kevin Mirallas
Marouane Fellaini
Mousa Dembélé
Nacer Chadli
Paul Van Himst
Romelu Lukaku
Thibaut Courtois
Thomas Meunier
Thomas Vermaelen
Thorgan Hazard
Timmy Simons
Toby Alderweireld
Vincent Kompany
Yannick Carrasco
Youri Tielemans
 
Answer Stats
Answer % Correct
Eden Hazard
60%
Axel Witsel
51%
Jan Vertonghen
39%
Dries Mertens
32%
Romelu Lukaku
23%
Toby Alderweireld
19%
No matching quizzes found
Score Distribution
Percent of People with Each Score
Percentile by Number Answered
Your Score History
You have not taken this quiz